=LDR 00000nam 2200000 4500 =001 INLIS000000000059382 =005 20211129115630 =035 ##$$a 0010-1121000119 =007 ta =008 211129###########################0#ind## =020 ##$$a 978-602-8470-13-1 =082 ##$$a 297.491 =084 ##$$a 297.491 m =245 ##$$a Makanan Halal Menurut Islam /$c Mohammad Jauhar =250 ##$$a Cet.1 =300 ##$$a 276 Halaman : $b Ilustrasi ; $c 21 cm =600 #4$$a Islam Makanan dan Minuman =264 ##$$a jakarta :$b Lintas Pustaka,$c 2009 =336 ##$$a teks$2 rdacontent =337 ##$$a lain-lain$2 rdamedia =338 ##$$a lain-lain$2 rdacarrier =990 ##$$a 3202102820